[Event "Budapest-chT1 Lilienthal 1718"]
[Site "Budapest"]
[Date "2017.11.19"]
[Round "4"]
[White "Lukacs, Albert"]
[Black "Bartus, Laszlo"]
[Result "1-0"]
[WhiteElo "1929"]
[BlackElo "2101"]
[PlyCount "87"]
[EventDate "2017.10.01"]
[EventType "team-tourn"]
[EventRounds "13"]
[EventCountry "HUN"]
[SourceTitle "EXT 2021"]
[Source "ChessBase"]
[SourceDate "2020.10.23"]
[SourceVersion "1"]
[SourceVersionDate "2020.10.23"]
[SourceQuality "1"]
[WhiteTeam "Palota Sakk"]
[BlackTeam "Budapest EAC II"]
[WhiteTeamCountry "HUN"]
[BlackTeamCountry "HUN"]

1. e4 e5 2. Bc4 d6 3. d3 Nf6 4. Nc3 Be7 5. h3 Nc6 6. Bd2 Na5 7. Bb5+ c6 8. Ba4 b5 9. b4 bxa4 10. bxa5 Qxa5 11. Nd5 Qd8 12. Nxe7 Qxe7 13. c4 Bd7 14. c5 d5 15. Qc2 0-0 16. Nf3 Rfb8 17. 0-0 Rb5 18. Rfc1 a3 19. Bg5 d4 20. Rab1 Rab8 21. Rxb5 Rxb5 22. Qa4 Rxc5 23. Qxa7 Rb5 24. Rxc6 Qd8 25. Bxf6 gxf6 26. Rd6 Qc8 27. Qxd7 Qc1+ 28. Ne1 Qxe1+ 29. Kh2 Rb8 30. Rxf6 Rf8 31. Rf3 Qc1 32. Qe7 Qh6 33. Rg3+ Kh8 34. Qxe5+ f6 35. Qxd4 Rg8 36. e5 Rxg3 37. fxg3 fxe5 38. Qxe5+ Kg8 39. Qb8+ Kf7 40. Qa7+ Ke8 41. Qxa3 Qg6 42. Qb3 h5 43. h4 Kd7 44. a4 1-0

[Event "Budapest-chT1 Lilienthal 1516"]
[Site "Budapest"]
[Date "2015.11.15"]
[Round "4"]
[White "Rinyu, Janos"]
[Black "Bartus, Laszlo"]
[Result "1/2-1/2"]
[WhiteElo "1792"]
[BlackElo "2125"]
[PlyCount "75"]
[EventDate "2015.09.20"]
[EventType "team-tourn"]
[EventRounds "9"]
[EventCountry "HUN"]
[SourceTitle "EXT 2021"]
[Source "ChessBase"]
[SourceDate "2020.10.23"]
[SourceVersion "1"]
[SourceVersionDate "2020.10.23"]
[SourceQuality "1"]
[WhiteTeam "Budapest Ujpest KSE"]
[BlackTeam "Budapest EAC II"]
[WhiteTeamCountry "HUN"]
[BlackTeamCountry "HUN"]

1. d4 d5 2. Bf4 e6 3. e3 Nf6 4. Bd3 c5 5. c3 Nc6 6. Nd2 Bd6 7. Bxd6 Qxd6 8. dxc5 Qxc5 9. Ngf3 0-0 10. 0-0 e5 11. e4 Bg4 12. Qe2 Rfe8 13. Rfe1 Rad8 14. exd5 Nxd5 15. Bxh7+ Kxh7 16. Ng5+ Kg8 17. Qxg4 Nf6 18. Qc4 Qxc4 19. Nxc4 b5 20. Ne3 Rd2 21. Rab1 b4 22. Nc4 Rd5 23. Rbd1 bxc3 24. bxc3 Red8 25. Ne3 Rd3 26. Rxd3 Rxd3 27. Rc1 Kf8 28. Kf1 Nd5 29. Nxd5 Rxd5 30. Ke2 Ra5 31. Rc2 Ke7 32. Ne4 f5 33. Nd2 Ra4 34. f3 g6 35. g3 Ra3 36. Nc4 Ra4 37. Nd2 Ra3 38. Nc4 1/2-1/2